000 00319nam a2200145Ia 4500
008 210716s9999 xx 000 0 und d
020 _a1889680249
041 _aeng
082 _a338.04 ETHI
245 _aEthics and entrepreneurship.
250 _a1
260 _aVA
300 _a246
650 _aBusiness Ethics
999 _c206525
_d206525